| 000 | 01594nam0a2200349 4500 | ||
|---|---|---|---|
| 001 | RU\NLR\BIBL_A\012010871 | ||
| 005 | 20260406143332.0 | ||
| 010 |
_91100 _d1 р. 10 к. |
||
| 021 |
_aRU _b82-66635 |
||
| 035 | _a(NLR Aleph) 012010871 | ||
| 090 |
_a11450533 _c11450533 |
||
| 100 | _a20041126d1982 |||y0rusy50 ca | ||
| 101 | 0 | _arus | |
| 102 | _aRU | ||
| 105 | _aa z|||||||| | ||
| 200 | 1 |
_aТеплофизические свойства четырехокиси азота _f[В.Б. Нестеренко, А.А. Гвоздев, В.Н. Дорошкевич и др.] _gпод ред. В.Б. Нестеренко _gАН БССР, Ин-т ядер. энергетики |
|
| 210 |
_aМинск _cНаука и техника _d1982 |
||
| 215 |
_a197 с. _cил. _d20 |
||
| 300 | _aАвторы указаны на 4-й с. | ||
| 320 | _aБиблиогр.: с. 181-195 | ||
| 606 | 1 |
_aЧетырехокись азота _xТермодинамические свойства _91920299 _3RU\NLR\AUTH\661164714 |
|
| 686 | 1 | _aз464.6-046-03-1 | |
| 701 | 1 |
_4070 _4340 _aНестеренко _bВ. Б. _cд-р техн. наук _f1934-2008 _gВасилий Борисович _9158885 _3RU\NLR\AUTH\770158926 |
|
| 701 | 1 |
_aГвоздев _bА. А. _gАрнольд Аркадьевич |
|
| 701 | 1 |
_aДорошкевич _bВ. Н. |
|
| 712 | 0 | 2 |
_4650 _aИнститут ядерной энергетики _cМинск _3RU\NLR\AUTH\889922531 _9341042 |
| 801 | 0 |
_aRU _bNLR _gpsbo |
|
| 801 | 1 |
_aRU _bELAR _2rusmarc |
|
| 852 |
_aNLR _j83-3/204 |
||
| 942 | _cBOOK | ||
| 980 | _aNB | ||